00997nam a2200241Ia 4500001000600000003000900006008004100015040001300056040001300069041001300082100002100095100002900116245005700145245007200202250001100274260001200285260001400297260004900311300005900360500028100419650002400700650003100724H2685IT-RoPAU130308s9999 xx 000 0 und d aIT-RoPAU cIT-RoPAU aITALIANO aDonati Pierpaolo gCodice Aut. SPICS: 7150 aTipologie delle culture relative alla sfera pubblica bCultura Civile in Italia (La): Fra Stato, mercato e Privato Sociale a1a ed. aBOLOGNA bIl Mulino c2002 [1° Ed.:2002 - Ed.Ling.Originale:2002] a"39 p. (prefazione: no ; testo: 39 [pagine: 291-329])" a"Dimensioni ""Comunitarie"" e Dimensioni ""Societarie"" Negli Orientamenti Culturali. Orientamenti Alla Solidarietà€ privata e Alla Solidarietà€ Pubblico Collettiva. Come le Culture Civili Relazionano Pubblico e Privato. concezioni politiche del Civile Come sfera Pubblica." aSAGGI DI SOCIOLOGIA eCodice materia Spics: 3657